| 000 | nam a22 a 4500 | ||
|---|---|---|---|
| 999 |
_c490162 _d490162 |
||
| 003 | BLK | ||
| 005 | 20230324154355.0 | ||
| 008 | 230324b bu |||||r|||| 00| | bu d | ||
| 020 | _a9786065390447 | ||
| 040 | _aBLK | ||
| 041 |
_aROM _cDRU |
||
| 080 |
_aАнглийска литература _b821.111 _x-31 _z821.111-31 |
||
| 100 | 1 |
_928362 _aWoolf, Virginia |
|
| 139 | _aWoolf, Virginia | ||
| 245 | _aSpre far | ||
| 245 |
_aOrlando _cVirginia Woolf ; trad. de Antoaneta Ralian, Vera Calin. |
||
| 260 |
_9216607 _aBucuresti _bAdevarul _c2009 _n978-606- |
||
| 300 |
_a416 p. _c20 cm |
||
| 380 | _aX | ||
| 490 |
_9486986 _aBiblioteca Adevarul |
||
| 490 |
_9487022 _a100 de opere esentiale _v46 |
||
| 500 | _aОриг. загл.: To the Lighthouse ; Orlando / Virginia Woolf. | ||
| 700 |
_9487119 _aRalian, Antoaneta _etrad. |
||
| 700 |
_9487120 _aCalin, Vera _etrad. |
||
| 856 |
_i0.00 _ldisable |
||
| 942 |
_cKNG _n0 _s1 |
||
| 944 |
_aCR _c2023-03-24 _kКети |
||